Modification of the Trotter and Gleser Female Stature Estimation Formulae

Saved in:  
Bibliographic Details
Main Author: Lantz, R.L. (Author)
Format: Electronic Article
Language:English
Published: 1992
In: Journal of forensic sciences
Year: 1992, Volume: 37, Issue: 5, Pages: 1230-1235
Online Access: Volltext (lizenzpflichtig)
Volltext (lizenzpflichtig)
Check availability: HBZ Gateway

MARC

LEADER 00000caa a22000002c 4500
001 1912624516
003 DE-627
005 20250127054958.0
007 cr uuu---uuuuu
008 241217s1992 xx |||||o 00| ||eng c
024 7 |a 10.1520/JFS13310J  |2 doi 
035 |a (DE-627)1912624516 
035 |a (DE-599)KXP1912624516 
040 |a DE-627  |b ger  |c DE-627  |e rda 
041 |a eng 
084 |a 2,1  |2 ssgn 
100 1 |a Lantz, R.L.  |e VerfasserIn  |4 aut 
245 1 0 |a Modification of the Trotter and Gleser Female Stature Estimation Formulae 
264 1 |c 1992 
336 |a Text  |b txt  |2 rdacontent 
337 |a Computermedien  |b c  |2 rdamedia 
338 |a Online-Ressource  |b cr  |2 rdacarrier 
773 0 8 |i Enthalten in  |t Journal of forensic sciences  |d Oxford [u.a.] : Wiley-Blackwell, 1972  |g 37(1992), 5, Seite 1230-1235  |h Online-Ressource  |w (DE-627)323607462  |w (DE-600)2026357-0  |w (DE-576)098000128  |x 1556-4029  |7 nnas 
773 1 8 |g volume:37  |g year:1992  |g number:5  |g pages:1230-1235 
787 0 8 |i Forschungsdaten  |a Geerken, Michael R.  |t New Orleans Offender Study, 1973-1986  |d [Erscheinungsort nicht ermittelbar] : [Verlag nicht ermittelbar], 1993  |w (DE-627)1840062746 
787 0 8 |i Forschungsdaten  |a Jantz, Richard J.  |t Database for Forensic Anthropology in the United States, 1962-1991  |d [Erscheinungsort nicht ermittelbar] : [Verlag nicht ermittelbar], 2000  |w (DE-627)1840059257 
856 4 0 |u https://doi.org/10.1520/JFS13310J  |x Resolving-System  |z lizenzpflichtig  |3 Volltext  |7 1 
856 4 0 |u https://www.ncjrs.gov/App/Publications/abstract.aspx?ID=140064  |x Verlag  |z lizenzpflichtig  |3 Volltext  |7 1 
935 |a mkri 
951 |a AR 
ELC |a 1 
LOK |0 000 xxxxxcx a22 zn 4500 
LOK |0 001 4637590035 
LOK |0 003 DE-627 
LOK |0 004 1912624516 
LOK |0 005 20241217044719 
LOK |0 008 241217||||||||||||||||ger||||||| 
LOK |0 035   |a (DE-2619)ICPSR108144 
LOK |0 040   |a DE-2619  |c DE-627  |d DE-2619 
LOK |0 092   |o n 
LOK |0 852   |a DE-2619 
LOK |0 852 1  |9 00 
LOK |0 935   |a nacp 
LOK |0 939   |a 17-12-24  |b l01 
ORI |a SA-MARC-krimdoka001.raw